| 000 | 00703nam a2200205 i 4500 | ||
|---|---|---|---|
| 001 | bg | ||
| 245 | 0 |
_aTheory and applications of boundary element methods : _bproceedings of 2nd China-Japan Symposium on Boundary element methods, October 11-15, 1988 Beijing, China / _ced. by Qinghua Du, Masataka Tanaka. |
|
| 260 |
_aBejing : _bTsinghua University Press : _bSpringer, _c1990. |
||
| 650 | 9 | _aMetody i |zagadnienia brzegowe | |
| 655 | _aMateriaĆy konferencyjne | ||
| 700 | 1 | _aDu Quinghua, | |
| 700 | 1 | _aTanaka, Masataka | |
| 020 | _a7302004056 | ||
| 040 | _cBPK | ||
| 041 | _apol | ||
| 080 | _a519.61/.64 | ||
| 920 | _a7-302-00405-6 | ||
| 942 | _cKS | ||
| 008 | s pl f |000 0 pol | ||
| 999 |
_c29192 _d29192 |
||
| 856 |
_uhttp://koha.tu.koszalin.pl/cgi-bin/koha/opac-detail.pl?biblionumber=29192 _yKatalog online BPK |
||